Upnishad vakaya kosha (Record no. 107079)

MARC details
000 -LEADER
fixed length control field 00561nam a2200217Ia 4500
003 - CONTROL NUMBER IDENTIFIER
control field OSt
005 - DATE AND TIME OF LATEST TRANSACTION
control field 20220918105427.0
008 - FIXED-LENGTH DATA ELEMENTS--GENERAL INFORMATION
fixed length control field 220915b |||||||| |||| 00| 0 san d
037 ## - SOURCE OF ACQUISITION
Terms of availability Reference Collections
040 ## - CATALOGING SOURCE
Original cataloging agency ARTS
Transcribing agency ARTS
Language of cataloging san
041 ## - LANGUAGE CODE
Source of code san
Language code of text/sound track or separate title san
100 ## - MAIN ENTRY--PERSONAL NAME
Personal name Jacob G. A. Au.
9 (RLIN) 1344
245 #0 - TITLE STATEMENT
Title Upnishad vakaya kosha
260 ## - PUBLICATION, DISTRIBUTION, ETC.
Date of publication, distribution, etc. 1963
942 ## - ADDED ENTRY ELEMENTS (KOHA)
Classification part Q1:24k, 15K3
Koha item type Reference
Holdings
Withdrawn status Lost status Damaged status Not for loan Home library Current library Date acquired Total Checkouts Full call number Barcode Date last seen Price effective from Koha item type
        Arts Library Arts Library 2022-09-18   Q1:24k 15K3 AL0888237 2022-09-18 2022-09-18 Reference
Copyright @ Delhi University Library System